Can You Find the Country? - Statistics

General Stats
  • This quiz has been taken 693 times
    680 since last reset
  • The average score is 7 of 14
Answer Stats
Hint Answer % Correct
Don't reach in a crack in the rocks, there might be snakes there. China
83%
The flippant remarks of my carefree classmates anger many of my school's teachers. Germany
78%
While carelessly stirring the ingredients in my pan, a malorodous smell caught my attention - I had burnt my vegetables! Panama
68%
If you are adventurous, you will want a fast boat, but if you just want to be out on the water, a sloop or tug alike will do. Portugal
67%
The food critic had an incredibly fine palate. Nepal or Chad
64%
While I was on the highway called The Alcan, a daily occurence was car breakdown. Canada
54%
He lost the rally because he got lost on the way, not seeing a hidden marker. Denmark
51%
We needed to visit a health resort, so we went to a spa in another country. Spain
51%
Unknowingly drinking contaminated water while on vacation can result in diarrhea. India
43%
He rushed to the hospital to find his dear mother, Rita, lying in helpless agony on her deathbed. Italy
41%
His car had been in need of repair for weeks, so he travelled from Tel Aviv to Eilat via commerical jet. Latvia
39%
The two bitter rivals finally found an opinion on which they could agree - Celine Dion was the best Canadian vocalist they had seen in years. Greece
38%
The top social class, as defined by many investigators, is the upper - upper. Peru
38%
As defendants we deny all involvement in the unscrupulous dealings which have come to lightin the recent government investigation. Sweden
34%
No matching quizzes found
Score Distribution
Percent of People with Each Score
Percentile by Number Answered
Your Score History
You have not taken this quiz since the last reset